000 00820nam0a22002651 4500
001 rc\4648119
005 20250612142117.0
021 _aRU
_b[68-48638]
035 _a(NLR Aleph) 008689766
090 _a9231302
_c9231302
100 _a20130416d1968 |||y0rusy50 ca
101 0 _arus
102 _aRU
105 _aa z |||||
200 1 _aПриспособительные особенности развития рыб
210 _aМосква
_cИзд-во Моск. ун-та
_d1968
215 _a89 с.
_cил.
_d21
320 _aБиблиогр.: с. 83-88
606 _aРыбы
_xПриспособляемость
_2psbo
700 1 _aСоин
_bС.Г.
_gСергей Гаврилович
801 0 _aRU
_bNLR
_gpsbo
801 1 _aRU
_bELAR
_2rusmarc
852 _aNLR
_j68-6/6319
942 _cBOOK
980 _aNB